00419 2200157 4500001002100000005001500021035002000036245006400056100001500120300002600135260004400161082000800205084001400213020002200227990001200249INLIS00000000000258220250605015327 a0010-06250001681 a100 Ide Untuk Guru :bPelajaran Sains Menarik /cIan Mcdaid0 aIan Mcdaid a189 hlm ;c15 x 23 cm aJakarta :bEsensi Erlangga Group,c2021 a000 a000 IAN s a978-623-7478-30-0 a0754875